书目信息 |
| 题名: |
读文心雕龙手记
|
|
| 作者: | 罗宗强 著 | |
| 分册: | ||
| 出版信息: | 北京 中华书局 2019 |
|
| 页数: | 250页 | |
| 开本: | 22cm | |
| 丛书名: | ||
| 单 册: | ||
| 中图分类: | I206.391 | |
| 科图分类: | ||
| 主题词: | 中国文学--zhong guo wen xue--古典文学--文学理论--南朝时代 | |
| 电子资源: | ||
| ISBN: | 978-7-101-13655-5 | |
| 000 | 00934nam0 2200265 450 | |
| 001 | 2131039811 | |
| 005 | 20211029202829.0 | |
| 010 | @a978-7-101-13655-5@dCNY28.00 | |
| 100 | @a20190910d2019 em y0chiy0120 ea | |
| 101 | 0 | @achi |
| 102 | @aCN@b110000 | |
| 105 | @ay z 000yy | |
| 106 | @ar | |
| 200 | 1 | @a读文心雕龙手记@Adu wen xin diao long shou ji@f罗宗强著 |
| 210 | @a北京@c中华书局@d2019 | |
| 215 | @a250页@d22cm | |
| 300 | @a罗宗强文集 | |
| 314 | @a版权页题:罗宗强著 | |
| 330 | @a本书收入十三篇札记和两篇附录,包括《释“文之为德也大矣”》《释“辞来切今”》《释“五言流调”》《释“入兴贵闲”——兼论刘勰的杂文学观念(之二)》等。 | |
| 605 | @a《文心雕龙》@Awen xin diao long@x古典文学研究 | |
| 606 | 0 | @a中国文学@Azhong guo wen xue@x古典文学@x文学理论@z南朝时代 |
| 690 | @aI206.391@v5 | |
| 701 | 0 | @a罗宗强@Aluo zong qiang@f(1931~2020)@4著 |
| 801 | 0 | @aCN@b百万庄@c20211029 |
| 905 | @b1312939-942@dI206.391@e395@f4 | |
| 读文心雕龙手记/罗宗强著.-北京:中华书局,2019 |
| 250页;22cm |
| 罗宗强文集 |
| ISBN 978-7-101-13655-5:CNY28.00 |
| 本书收入十三篇札记和两篇附录,包括《释“文之为德也大矣”》《释“辞来切今”》《释“五言流调”》《释“入兴贵闲”——兼论刘勰的杂文学观念(之二)》等。 |
| ● |
| 相关链接 |
|
|
|
|
正题名:读文心雕龙手记
索取号:I206.391/395
 
预约/预借
| 序号 | 登录号 | 条形码 | 馆藏地/架位号 | 状态 | 备注 |
| 1 | 1312939 | 213129390 | 第一样本阅览室/ [索取号:I206.391/395] | 在馆 | |
| 2 | 1312940 | 213129407 | 第二借阅区/ [索取号:I206.391/395] | 在馆 | |
| 3 | 1312941 | 213129416 | 第二借阅区/ [索取号:I206.391/395] | 在馆 | |
| 4 | 1312942 | 213129425 | 第二借阅区/ [索取号:I206.391/395] | 在馆 |